[Event "Paracin Open 2020"]
[Site "Paracin"]
[Date "2020.07.07"]
[Round "5.9"]
[White "Sredojevic, Ivan"]
[Black "Pastar, Slaven"]
[Result "1/2-1/2"]
[WhiteElo "2239"]
[BlackElo "2323"]
[Annotator "ChessBase"]
[PlyCount "162"]
[EventDate "2020.07.03"]
[EventType "swiss"]
[EventCountry "SRB"]
[SourceTitle "playchess.com"]
[Source "ChessBase"]
[SourceQuality "1"]
[TimeControl "5400+30"]

1. e4 {[%emt 0:00:00]} e5 {[%emt 0:00:45]} 2. Nf3 {[%emt 0:00:00]} Nc6 {[%emt 0:00:03]} 3. Bb5 {[%emt 0:00:00]} Nf6 {[%emt 0:00:07]} 4. d3 {[%emt 0:01:53]} Bc5 {[%emt 0:00:19]} 5. O-O {[%emt 0:00:12]} d6 {[%emt 0:01:47]} 6. c3 {[%emt 0:00:15]} O-O {[%emt 0:00:41]} 7. h3 {[%emt 0:00:18]} Ne7 {[%emt 0:05:42]} 8. Re1 {[%emt 0:01:00]} Ng6 {[%emt 0:01:38]} 9. Nbd2 {[%emt 0:03:54]} Bd7 {[%emt 0:06:53]} 10. Bc4 {[%emt 0:01:41]} a6 {[%emt 0:03:59]} 11. Nf1 {[%emt 0:00:36]} Re8 {[%emt 0:04:09]} 12. Ng5 {[%emt 0:00:52]} Rf8 {[%emt 0:00:06]} 13. Nf3 {[%emt 0:00:04]} Bc6 {[%emt 0:04:20]} 14. Ng3 {[%emt 0:03:01]} d5 {[%emt 0:02:56]} 15. exd5 {[%emt 0:10:41]} Bxd5 {[%emt 0:01:00]} 16. Nxe5 {[%emt 0:14:19]} Nxe5 {[%emt 0:02:18]} 17. Rxe5 {[%emt 0:00:13]} Bxf2+ {[%emt 0:09:15]} 18. Kxf2 {[%emt 0:05:00]} Bxc4 {[%emt 0:00:05]} 19. Bg5 {[%emt 0:06:17]} Bxd3 {[%emt 0:06:08]} 20. Re3 {[%emt 0:35:17]} Bg6 {[%emt 0:03:23]} 21. Qxd8 {[%emt 0:04:42]} Raxd8 {[%emt 0:02:05]} 22. Bxf6 {[%emt 0:00:06]} gxf6 {[%emt 0:00:05]} 23. Rae1 {[%emt 0:00:11]} Rd2+ {[%emt 0:08:55]} 24. R1e2 {[%emt 0:01:03]} Rfd8 {[%emt 0:00:26]} 25. Re8+ {[%emt 0:00:56]} Kg7 {[%emt 0:00:10]} 26. Rxd8 {[%emt 0:00:07]} Rxd8 {[%emt 0:00:04]} 27. Kf3 {[%emt 0:01:05]} c5 {[%emt 0:06:58]} 28. Kf4 {[%emt 0:01:48]} Rd5 {[%emt 0:01:08]} 29. Re7 {[%emt 0:01:39]} b5 {[%emt 0:01:45]} 30. Re2 {[%emt 0:00:22]} b4 {[%emt 0:05:38]} 31. cxb4 {[%emt 0:00:26]} cxb4 {[%emt 0:00:13]} 32. Re3 {[%emt 0:01:15]} Bc2 {[%emt 0:03:27]} 33. Re2 {[%emt 0:02:11]} Bb1 {[%emt 0:01:18]} 34. a3 {[%emt 0:01:53]} bxa3 {[%emt 0:02:16]} 35. bxa3 {[%emt 0:00:02]} a5 {[%emt 0:00:40]} 36. Re3 {[%emt 0:00:35]} h5 {[%emt 0:05:39]} 37. Kf3 {[%emt 0:00:59]} Bc2 {[%emt 0:02:21]} 38. Rc3 {[%emt 0:00:30]} h4 {[%emt 0:01:21]} 39. Nf1 {[%emt 0:00:08]} Bg6 {[%emt 0:01:46]} 40. Ne3 {[%emt 0:00:14]} Bh5+ {[%emt 0:00:34]} 41. Ke4 {[%emt 0:00:25]} Re5+ {[%emt 0:00:31]} 42. Kf4 {[%emt 0:00:27]} Bg6 {[%emt 0:01:15]} 43. Rc4 {[%emt 0:00:12]} Rb5 {[%emt 0:00:33]} 44. Kf3 {[%emt 0:00:34]} Bh5+ {[%emt 0:01:11]} 45. Kf2 {[%emt 0:00:52]} Rb2+ {[%emt 0:00:39]} 46. Kg1 {[%emt 0:00:03]} Be2 {[%emt 0:05:28]} 47. Rxh4 {[%emt 0:01:17]} Bb5 {[%emt 0:00:54]} 48. Rh5 {[%emt 0:02:08]} a4 {[%emt 0:00:23]} 49. Rc5 {[%emt 0:00:17]} Bd7 {[%emt 0:00:34]} 50. Nc2 {[%emt 0:01:17]} Ra2 {[%emt 0:00:30]} 51. Rc3 {[%emt 0:00:11]} Be6 {[%emt 0:00:12]} 52. Nd4 {[%emt 0:00:19]} f5 {[%emt 0:00:33]} 53. Kh2 {[%emt 0:01:58]} Kf6 {[%emt 0:00:15]} 54. Kg3 {[%emt 0:00:35]} Bd5 {[%emt 0:00:28]} 55. Nf3 {[%emt 0:00:11]} Rb2 {[%emt 0:00:56]} 56. Rc5 {[%emt 0:00:15]} Be6 {[%emt 0:00:37]} 57. Ra5 {[%emt 0:00:10]} Bb3 {[%emt 0:00:31]} 58. Ra6+ {[%emt 0:00:11]} Kg7 {[%emt 0:00:16]} 59. Nd4 {[%emt 0:00:01]} f4+ {[%emt 0:00:18]} 60. Kf3 {[%emt 0:00:14]} Ra2 {[%emt 0:00:32]} 61. Nxb3 {[%emt 0:01:44]} axb3 {[%emt 0:00:02]} 62. a4 {[%emt 0:00:15]} f6 {[%emt 0:01:15]} 63. Rb6 {[%emt 0:00:16]} b2 {[%emt 0:00:28]} 64. a5 {[%emt 0:00:11]} Rxa5 {[%emt 0:00:40]} 65. Rxb2 {[%emt 0:00:06]} Ra4 {[%emt 0:00:24]} 66. Re2 {[%emt 0:00:46]} f5 {[%emt 0:00:38]} 67. Re6 {[%emt 0:00:07]} Kf7 {[%emt 0:00:08]} 68. Rh6 {[%emt 0:00:12]} Kg7 {[%emt 0:00:18]} 69. Rh4 {[%emt 0:00:17]} Kf6 {[%emt 0:00:18]} 70. Rxf4 {[%emt 0:00:08]} Ra3+ {[%emt 0:00:12]} 71. Kf2 {[%emt 0:00:09]} Kg5 {[%emt 0:00:24]} 72. Rf3 {[%emt 0:00:40]} Ra2+ {[%emt 0:00:14]} 73. Kg3 {[%emt 0:00:14]} f4+ {[%emt 0:01:27]} 74. Kh2 {[%emt 0:00:02]} Ra5 {[%emt 0:00:52]} 75. Rb3 {[%emt 0:00:09]} Ra2 {[%emt 0:00:29]} 76. Rb5+ {[%emt 0:00:17]} Kg6 {[%emt 0:00:12]} 77. h4 {[%emt 0:01:41]} f3 {[%emt 0:00:34]} 78. Rg5+ {[%emt 0:00:26]} Kf6 {[%emt 0:00:16]} 79. Rg3 {[%emt 0:01:10]} Rxg2+ {[%emt 0:00:16]} 80. Rxg2 {[%emt 0:00:05]} fxg2 {[%emt 0:00:02]} 81. Kxg2 {[%emt 0:00:07]} Ke5 1/2-1/2

[Event "Paracin Open 2020"]
[Site "Paracin"]
[Date "2020.07.07"]
[Round "5.10"]
[White "Formento, Paolo"]
[Black "Damjanovic, Vuk"]
[Result "0-1"]
[WhiteElo "2294"]
[BlackElo "2208"]
[Annotator "TA"]
[PlyCount "114"]
[EventDate "2020.07.03"]
[EventType "swiss"]
[EventCountry "SRB"]
[SourceTitle "playchess.com"]
[Source "ChessBase"]
[SourceQuality "1"]

{[%evp 14,114,28,22,27,31,35,-86,-89,-160,0,0,0,12,18,0,19,0,0,0,0,-29,-36,-30,-31,-28,-26,-37,-26,-45,-38,-38,-24,-25,-20,-22,-23,-34,-7,-17,-10,-23,-38,-50,-17,-28,-26,-59,-59,-59,-43,-44,-8,-90,-108,-84,-39,-131,-30,-140,-141,-158,-116,-182,-170,-172,-140,-128,-135,-140,-112,-188,-20,-175,-20,-22,-35,-39,-22,-46,-28,-402,-408,-382,-408,-29953,-1151,-6193,-957,-29990,-29991,-29991,-29982,-29984,-29985,-29985,0,-29982,-29983,-29983,-29984,-29991,-29992]} 1. d4 Nf6 2. c4 c5 3. d5 b5 4. cxb5 a6 5. e3 g6 6. Nc3 Bg7 7. Nf3 {7.Nf3 has become a bit dusty these days.} O-O 8. Be2 axb5 {A57: Benko/Volga Gambit.} 9. Bxb5 Ne4 10. Qd3 (10. Bd2 $14 {stays ahead.} Nxd2 11. Nxd2 (11. Qxd2 Qa5 $14)) 10... Qa5 $1 $17 {[%cal Re4c3] Black is better.} 11. Bd2 (11. Rb1 $142 Bxc3+ 12. bxc3 Qxc3+ 13. Nd2 Qxd3 14. Bxd3) 11... Nxd2 $2 (11... Nd6 $17 {Hoping for ...Bxc3.} 12. Bc4 Na6 13. Bxa6 Bxa6) 12. Nxd2 $11 Ba6 {[#]} 13. Bxa6 $146 ({Predecessor:} 13. Bc4 d6 14. O-O Nd7 15. f4 Rfb8 16. Bxa6 Qxa6 17. Qc2 Nb6 18. e4 Na4 19. Rab1 Nxc3 20. bxc3 Rxb1 21. Rxb1 {0-1 (37) Malveau,C (1932)-Gravel,S (2276) Montreal 2004}) 13... Qxa6 14. Nc4 d6 15. Ke2 Nd7 16. a4 Nb6 17. Nb5 Nxc4 18. Qxc4 Bxb2 19. Ra2 $1 {[%cal Ra2b2]} Bf6 20. Rc1 Rfb8 21. Rcc2 Qa5 22. Qd3 Ra6 {[%cal Ba8a6,Ba6b6,Bb6b7][%mdl 32]} 23. Nc7 Rab6 {aiming for ...Rb3.} (23... Ra7 $5 24. Nb5 $8 Raa8 $11) 24. Nb5 R6b7 25. f3 Qd8 (25... h5 {feels hotter.} 26. f4 Ra8 27. h3 Bh4 28. Qd2 Qd8) 26. Kf2 Qd7 27. Ra3 Ra8 28. Raa2 Be5 29. Kg1 Qf5 30. Qxf5 gxf5 31. Kf2 Ra5 ({Weaker is} 31... Bxh2 32. g3 $16) 32. f4 Bf6 33. Ke2 (33. h3 $11 {keeps the balance.}) 33... Rb6 $17 34. Kd3 e6 35. Kc4 (35. h3 $15) 35... Rba6 (35... Kf8 $1 $17) 36. dxe6 (36. Kd3 $11) 36... fxe6 37. Kb3 Be7 38. g4 (38. h3 $17 {keeps fighting.}) 38... fxg4 $19 39. Rg2 h5 40. h3 d5 41. hxg4 c4+ 42. Kc3 (42. Kb2 $17) 42... hxg4 $2 ({Don't play} 42... Rxa4 43. gxh5+ Kf7 44. Rxa4 $15) ({Black should play} 42... h4 $19 43. g5 Rxa4 44. Rxa4 Rxa4) 43. Nc7 $2 {[#]} (43. Rxg4+ $11 {and White has nothing to worry.} Kf7 44. Rh2) 43... Rc6 $2 (43... Rxa4 $1 $19 {[%mdl 512]} 44. Rxa4 Rxa4 45. Nxe6 Bf6+ 46. Nd4 Kf7 47. Rxg4 Ra3+ 48. Kd2 Bxd4 49. exd4 Rd3+ 50. Ke2 Rxd4) 44. Nb5 Kf7 {And now ...Rca6 would win.} 45. Rxg4 Rca6 46. Rh2 $1 Bf6+ 47. Nd4 $2 {[%mdl 8192]} (47. Kd2 $11 {and White stays safe.} Rxa4 48. Rh7+ Kf8 49. Ke2) 47... Rxa4 {Threatens to win with ...Ra3+.} 48. Rh7+ Kf8 49. Rg6 (49. f5 $19 Ra3+ 50. Kb4 exf5 51. Rf4 Be7+ 52. Rxe7 Kxe7 53. Rxf5) 49... Ra3+ 50. Kc2 Ra2+ (50... Bxd4 $142 51. exd4 Ra2+ 52. Kc1 Rf2 53. Rf6+ Kg8) 51. Kb1 Bxd4 52. exd4 {[%mdl 4096] Endgame KRR-KRR} c3 53. Rf6+ Kg8 54. Rb7 c2+ 55. Kc1 {[#]} Rc6 $1 {Black mates.} 56. Rg6+ Kf8 57. Rf6+ Ke8 {Accuracy: White = 51%, Black = 66%.} 0-1

[Event "Paracin Open 2020"]
[Site "Paracin"]
[Date "2020.07.07"]
[Round "5.11"]
[White "Srdanovic, Jovana"]
[Black "Ivanovic, Marko"]
[Result "0-1"]
[WhiteElo "2070"]
[BlackElo "2267"]
[Annotator "TA"]
[PlyCount "86"]
[EventDate "2020.07.03"]
[EventType "swiss"]
[EventCountry "SRB"]
[SourceTitle "playchess.com"]
[Source "ChessBase"]
[SourceQuality "1"]

{[%evp 17,86,2,0,4,0,8,21,-8,-5,-18,0,-14,0,-18,-11,-70,-58,-63,-60,-74,-68,-67,-59,-70,-70,-66,-63,-58,-69,-76,-62,-62,-60,-56,-59,-119,-114,-237,-241,-299,-298,-308,-308,-307,-299,-400,-404,-432,-432,-400,-297,-393,-387,-392,-377,-350,-347,-780,-768,-783,-720,-697,-697,-912,-891,-5601,-9736,-29957,-5939,-5927,-5197]} 1. d4 d5 2. c4 dxc4 3. e3 e5 4. Bxc4 exd4 5. exd4 Bd6 6. h3 Nf6 7. Nf3 O-O 8. O-O h6 9. Nc3 {[%cal Bb1c3,Bc3e4,Be4c5][%mdl 32]} Nc6 10. Be3 {D20: Queen's Gambit Accepted: 3 e3 and 3 e4.} Bf5 11. Nh4 Bh7 12. Bd3 {The position is equal.} Qd7 13. Bxh7+ Nxh7 {[#]} 14. Ne4 $146 ({Predecessor:} 14. Qf3 f5 15. Ng6 Rf6 16. Qd5+ Qf7 17. Ne5 Bxe5 18. dxe5 {0-1 (80) Wolf,H-Pillsbury,H Hannover 1902}) 14... Rad8 15. Nc5 Qc8 {[#] And now ...Bxc5 would win.} 16. Qf3 (16. Rc1 $11) 16... Ng5 $15 17. Qf5 $1 Qxf5 18. Nxf5 Bxc5 $1 19. dxc5 Rd5 20. Ng3 Ne6 21. Rfd1 Rfd8 $36 {[%mdl 2048] White is under pressure.} 22. Rxd5 Rxd5 23. Rc1 Nb4 24. a3 Nd3 25. Rd1 c6 26. Ne4 ({Better is} 26. b4 $15) 26... Nxb2 $17 27. Rd2 (27. Rb1 $17 Rd1+ 28. Rxd1 Nxd1 29. Bc1) 27... Nc4 $19 28. Rc2 Nxe3 ({Don't take} 28... Nxa3 29. Ra2 $19) 29. fxe3 {[%mdl 4096] Endgame KRN-KRN} f5 30. Nd6 Nxc5 31. Nc8 {[#] Threatens to win with Ne7+.} Kf7 32. Nxa7 Ne4 33. Nc8 Rd1+ 34. Kh2 Rb1 35. a4 Ke6 36. a5 Ra1 37. Na7 $2 (37. Rb2 Nc5 38. g4) 37... Rxa5 38. Nxc6 bxc6 39. Rxc6+ {KRN-KR} Kf7 40. h4 Ra3 41. Rc7+ Kg6 42. h5+ Kxh5 43. Rxg7 Rxe3 {Black took control after the opening. Accuracy: White = 47%, Black = 100%.} 0-1

[Event "Paracin Open 2020"]
[Site "Paracin"]
[Date "2020.07.07"]
[Round "5.12"]
[White "Van Dael, Siem"]
[Black "Petkovic, Jovan"]
[Result "1-0"]
[WhiteElo "2293"]
[BlackElo "1980"]
[Annotator "TA"]
[PlyCount "43"]
[EventDate "2020.07.03"]
[EventType "swiss"]
[EventCountry "SRB"]
[SourceTitle "playchess.com"]
[Source "ChessBase"]
[SourceQuality "1"]

{[%evp 9,43,8,12,-4,1,3,19,25,27,16,9,-2,24,0,16,20,191,201,649,648,581,630,703,760,753,742,742,741,1074,778,1092,783,789,678,1139,1100]} 1. e4 d5 2. Nc3 dxe4 3. Nxe4 Nf6 4. Nxf6+ exf6 5. d4 Bd6 6. Bd3 {A00: Irregular Openings.} O-O 7. Ne2 Nc6 8. c3 {The position is equal.} Re8 9. Qc2 g6 10. Bd2 {[#]} a6 $146 ({Predecessor:} 10... Bg4 11. f3 Be6 12. O-O-O a5 13. h4 Bxa2 14. h5 f5 15. hxg6 hxg6 16. g4 a4 17. gxf5 {1-0 (23) Egorov,E (2387)-Potkin,V (2597) Almaty 2016}) 11. O-O-O b5 12. h4 Kf8 $2 {Loses the game.} (12... h5 $11) 13. h5 $18 {[%cal Rh5g6]} Ke7 $2 (13... g5 14. h6 f5) 14. hxg6 {White is clearly winning.} hxg6 {[#]} 15. Bxg6 $1 {[%mdl 512]} Be6 (15... fxg6 16. Rh7+) 16. Be4 Na5 17. d5 Bd7 18. Nd4 Qb8 19. Rh7 Rf8 20. Bh6 Rh8 21. Re1 Qg8 22. Bg7 {Accuracy: White = 91%, Black = 40%.} 1-0

[Event "Paracin Open 2020"]
[Site "Paracin"]
[Date "2020.07.07"]
[Round "5.13"]
[White "Milovanovic, Srboljub"]
[Black "Radeva, Viktoria"]
[Result "0-1"]
[WhiteElo "2043"]
[BlackElo "2327"]
[Annotator "TA"]
[PlyCount "148"]
[EventDate "2020.07.03"]
[EventType "swiss"]
[EventCountry "SRB"]
[SourceTitle "playchess.com"]
[Source "ChessBase"]
[SourceQuality "1"]

{[%evp 15,148,8,23,-2,-10,-15,-10,-13,-15,-9,-12,-8,-6,-25,-29,-39,-34,-37,-5,-53,-52,-46,-21,-15,-18,-19,-22,-34,-33,-27,-30,-37,-32,-45,-64,-47,-53,-53,-52,-72,-79,-77,-85,-96,-76,-102,-93,-98,-87,-102,-102,-127,-122,-147,-140,-145,-145,-155,-151,-145,-138,-312,-216,-234,-155,-158,-153,-162,-141,-142,-26,-79,-75,-73,-96,-97,-83,-84,-75,-62,-70,-117,-93,-162,-167,-363,-363,-357,-226,-226,-207,-207,-212,-212,-221,-234,-185,-192,-184,-257,-241,-329,-329,-298,-280,-2127,-1887,-1930,-1958,-1692,-1586,-4133,-1960,-5608,-5601,-4868,-4754,-3857,-3185,-805,-257,-6630,-5185,-29971,-29973,-29973,-29974,-29970,-29971,-29979,-29980,-29982,-29983,-29996,-29978]} 1. d4 d5 2. Nf3 Nf6 3. c4 e6 4. Nc3 c6 5. e3 Nbd7 6. Bd3 dxc4 7. Bxc4 b5 8. Be2 Be7 9. e4 {D47: Semi-Slav: Meran System.} b4 10. e5 bxc3 11. exf6 {The position is equal.} Nxf6 {Black wants to play ...cxb2.} 12. bxc3 O-O 13. O-O c5 14. Ne5 Bb7 {[#]} 15. Ba3 $146 ({Predecessor:} 15. Qd3 Qc7 16. Bf4 Bd6 17. Bf3 Bxf3 18. Qxf3 Nd5 19. Bg3 Qa5 20. Nc4 Qxc3 21. Qxc3 Nxc3 22. Bxd6 Rfc8 23. dxc5 Ne4 24. Ne3 {1-0 (24) Galvanek,L (2066)-Hrstka,S (1800) Zilina 2013}) 15... Qc7 16. Bf3 Bxf3 (16... Rac8 {feels hotter.} 17. Qe2 Bxf3 18. Qxf3 Nd7 19. Nxd7 Qxd7 20. Rab1 cxd4 21. Bxe7 Qxe7 22. cxd4 Rfd8) 17. Nxf3 Rfd8 18. Qa4 cxd4 (18... Nd5 {is interesting.} 19. Rac1 Rac8 20. Rfe1 Nf4 21. Re4 Nd3) 19. Bxe7 Qxe7 20. cxd4 Nd5 21. Rfe1 Rac8 22. Rac1 Rc7 23. Rxc7 Qxc7 24. h3 h6 25. Qa6 Rb8 26. Qa3 Rc8 27. Qa6 Nb4 28. Qa4 Nd3 29. Rf1 Nf4 30. Qa6 Rb8 31. Qa3 a5 32. Kh1 Rc8 33. Qe3 Nd5 34. Qb3 Qc2 35. Kg1 a4 36. Qb7 Rc7 37. Qb8+ Kh7 $1 38. Qf8 $2 (38. a3 $17 {keeps fighting.}) 38... f6 39. a3 Nf4 {aiming for ...Rc3.} 40. Qd6 Ne2+ 41. Kh2 Rc6 $1 {[%cal Rc6d6]} 42. Qd7 Qc4 (42... Nf4 $1 $17 {Strongly threatening ...Rc3.} 43. d5 Rc7) 43. Re1 (43. Rb1 $11 Qd5 44. Qxd5 exd5 45. Rb2) 43... Nf4 $1 $17 44. Re4 Qd5 $36 {[%mdl 2048] White is under strong pressure.} 45. Qxd5 Nxd5 {[%mdl 4096] Endgame KRN-KRN} 46. Ne1 Rc3 47. Rxe6 Rxa3 48. Ra6 {[#] White is now going downhill.} Nb4 $1 {[%cal Rb4a6]} 49. Ra8 {[#]} (49. Ra7 $17) 49... Ra1 $1 $19 {White must now prevent ...a3.} 50. Nf3 $2 (50. Rb8 Nc6 51. Rb6) 50... a3 51. Ra4 a2 52. Rxb4 {Threatens to win with Ra4. KRN-KR} Rb1 53. Ra4 a1=Q 54. Rxa1 Rxa1 {KR-KN} 55. Kg3 Kg6 56. Nh4+ Kf7 57. f4 (57. Nf5 $142) 57... Ra3+ 58. Kg4 g6 {[%csl Gg6][%cal Rh6h5]} 59. Nf3 h5+ 60. Kh4 $2 (60. Kg3) 60... Ke6 61. Kg3 Kf5 62. d5 Rd3 63. d6 g5 64. fxg5 fxg5 65. Kf2 Rxd6 66. Ke3 Re6+ 67. Kf2 Ra6 $2 (67... Rb6 68. Ke3 Rb3+ 69. Kf2 Rb2+ 70. Kg3 h4+ 71. Kh2 Kf4) 68. Nd4+ $2 (68. Kg3) 68... Ke4 69. Nf3 Ra2+ {Black mates.} 70. Kg3 Ra3 71. Kf2 g4 72. hxg4 hxg4 73. Nh4 g3+ 74. Kf1 Ke5 {Accuracy: White = 56%, Black = 79%.} 0-1

[Event "Paracin Open 2020"]
[Site "Paracin"]
[Date "2020.07.07"]
[Round "5.14"]
[White "Pasti, Aron"]
[Black "Konyves, Almos"]
[Result "1-0"]
[WhiteElo "2325"]
[BlackElo "2090"]
[Annotator "TA"]
[PlyCount "63"]
[EventDate "2020.07.03"]
[EventType "swiss"]
[EventCountry "SRB"]
[SourceTitle "playchess.com"]
[Source "ChessBase"]
[SourceQuality "1"]

{[%evp 9,63,0,0,0,41,40,31,9,34,4,34,22,34,33,40,16,30,37,68,4,33,36,94,93,143,161,155,131,144,43,183,182,177,70,96,68,164,11,18,15,16,19,144,142,135,76,158,91,576,574,565,562,562,556,500,510]} 1. c4 Nf6 2. Nf3 d6 3. g3 e5 4. d4 e4 5. Nfd2 c6 6. Bg2 {A15: English Opening: 1...Nf6.} Bf5 7. Nc3 {[%cal Rd2e4]} d5 8. f3 {White is slightly better.} exf3 9. Bxf3 {[#]} dxc4 $146 ({Predecessor:} 9... Na6 10. O-O Bh3 11. Re1 Qb6 12. c5 Nxc5 13. dxc5 Bxc5+ 14. Kh1 Bf2 15. e4 Bxe1 16. Qxe1 {0-1 (29) Havelka,O (1999)-Bakalarz,M (2309) Frydek Mistek 2017}) 10. Nxc4 Bb4 11. O-O $36 {[%mdl 2048] White has some pressure.} Be6 12. Ne5 h6 13. e4 Nbd7 14. Bf4 (14. Nd3 $14 Bxc3 15. bxc3) 14... g5 15. Nxd7 $1 Nxd7 (15... gxf4 $14 16. Nxf6+ Qxf6) 16. Be3 $16 Nb6 17. d5 Bh3 18. Rf2 $1 {Bh5 is the strong threat.} Qe7 19. Qb3 (19. Bd4 $16 O-O 20. Bh1) 19... Bc5 (19... O-O $1 $14) 20. Bxc5 $1 $18 Qxc5 {[#]} 21. Ne2 (21. Bh5 $1 $18) 21... cxd5 $14 22. Rc1 Qd6 {[#]} (22... Qa5 $1 $14) 23. exd5 $2 ({White should try} 23. Bh5 $1 $18 Rc8 24. Rxc8+ (24. Bxf7+ Ke7 $16) 24... Bxc8 25. Rxf7 (25. Bxf7+ Kd8 $18)) 23... O-O $11 24. Nc3 Rac8 25. Rd1 Rfe8 (25... Rce8 $11 {keeps the balance.}) 26. Ne4 $16 Qg6 27. d6 (27. g4 $142) 27... Be6 (27... Nd7 $142) 28. Qd3 ({White should play} 28. Qa3) 28... Bf5 $2 {[%mdl 8192] [#]} (28... Nd7 $16 {is more resistant.}) 29. Bh5 $1 $18 {[%cal Rh5g6][%mdl 512] White is clearly winning.} Bxe4 (29... Qxh5 30. Nf6+) 30. Bxg6 Bxd3 31. Bxf7+ {[%mdl 64] Double Attack} (31. Bxd3 Re5 $16) 31... Kg7 {Hoping for ...Re2.} 32. Bxe8 {Accuracy: White = 63%, Black = 36%.} ({Not} 32. Rxd3 Rf8 $18) 1-0

[Event "Paracin Open 2020"]
[Site "Paracin"]
[Date "2020.07.07"]
[Round "5.15"]
[White "Todorovic, Nenad I"]
[Black "Micic, Aleksa"]
[Result "1-0"]
[WhiteElo "2295"]
[BlackElo "2008"]
[Annotator "TA"]
[PlyCount "87"]
[EventDate "2020.07.03"]
[EventType "swiss"]
[EventCountry "SRB"]
[SourceTitle "playchess.com"]
[Source "ChessBase"]
[SourceQuality "1"]

{[%evp 20,87,39,7,10,12,9,15,13,0,0,0,0,0,0,-21,81,27,34,11,5,7,32,26,20,34,31,35,75,67,116,78,76,52,102,111,110,112,116,87,139,139,142,141,143,147,176,116,152,130,351,350,341,338,262,254,429,416,531,484,812,606,842,823,1158,917,29976,29976,5502,5122]} 1. e4 c5 2. Nf3 d6 3. d4 cxd4 4. Nxd4 Nf6 5. Nc3 a6 6. Be3 e5 7. Nb3 Be7 8. f3 Be6 9. Qd2 O-O 10. O-O-O a5 11. Bb5 Na6 {B90: Sicilian Najdorf: Unusual White 6th moves, 6 Be3 Ng4 and 6 Be3 e5.} 12. Kb1 Nc7 13. Bb6 Qb8 {The position is equal.} 14. Qf2 Nxb5 15. Nxb5 a4 16. Nc1 {[#]} a3 $146 {[#] And now ...axb2 would win.} ({Predecessor:} 16... Ne8 17. g4 Ra6 18. Nd3 Qc8 19. Be3 Bxa2+ 20. Kc1 Bc4 21. Na3 b5 22. Nb4 d5 23. Nxa6 {0-1 (34) Vilalta Vidal,J (1962)-Garriga Cazorla,P (2076) Mollet del Valles 2012}) 17. b3 Ne8 (17... d5 $11) 18. c4 (18. g4 $16) 18... f5 $11 19. Qc2 Ra6 20. Be3 Nc7 21. Nxc7 Qxc7 22. Ne2 fxe4 23. fxe4 Bg4 24. Rdf1 Bxe2 25. Qxe2 Raa8 26. Qd3 Qc6 27. Qd5+ Qxd5 28. cxd5 Rfc8 29. Rc1 h5 (29... Rxc1+ $142 30. Rxc1 h6) 30. Rxc8+ $16 Rxc8 {[%mdl 4096] Endgame KRB-KRB} 31. Rc1 Rf8 {[#]} 32. Kc2 $1 h4 33. h3 ({White should play} 33. Kd3 $18) 33... Rf6 34. Re1 b5 $2 {This move loses the game for Black.} (34... g5 $16 {might work better.} 35. Re2 Rg6) 35. Kc3 $18 Rf8 36. Kb4 Rb8 37. Rc1 ({Don't do} 37. Kxa3 $6 Ra8+ 38. Kb2 Kf8 $18) 37... Rb7 $2 (37... Bd8 38. Kxa3 Kf8) 38. Kxa3 Kf7 39. Kb4 Ke8 (39... Bd8 $142 40. Rc8 Bc7) 40. Rc6 Kd7 41. Bb6 g5 42. Kxb5 Bd8 43. Ka6 Rb8 44. Ka7 {Accuracy: White = 86%, Black = 45%.} 1-0